000 00680nam a2200289Ia 4500
005 20260324130308.0
008 008 260324s9999 xx 000 0 eng d
020 _a9780203462874
037 _aEBOOK
040 _aCRL
040 _beng
040 _cCRL
041 _2eng
041 _aeng
084 _qCRL
100 _aGina Barnes
_91181231
245 0 _aState Formation in Japan
245 0 _bEmergence of a 4th-Century Ruling Elite
260 _bTaylor and Francis
260 _c2007
365 _a
365 _b240
856 _uhttp://www.taylorfrancis.com/books/9780203462874
942 _cEBOOK
999 _c1777282
_d1777282